[Event "Quebec op"]
[Site "Montreal CAN"]
[Date "2011.07.24"]
[Round "3"]
[White "Leutschaft, Martin"]
[Black "Trahan, Daniel"]
[Result "1/2-1/2"]
[WhiteElo "2141"]
[BlackElo "2081"]
[PlyCount "81"]
[GameId "2160767909649342"]
[EventDate "2011.07.23"]
[EventType "swiss"]
[EventRounds "9"]
[EventCountry "CAN"]
[SourceTitle "EXT 2022"]
[Source "ChessBase"]
[SourceDate "2021.10.06"]
[SourceVersion "1"]
[SourceVersionDate "2021.10.06"]
[SourceQuality "1"]

1. e4 c5 2. Nf3 d6 3. Bb5+ Bd7 4. Bxd7+ Qxd7 5. O-O Nc6 6. Re1 Nf6 7. c3 e6 8. d4 d5 9. exd5 Qxd5 10. Bg5 Be7 11. dxc5 Qxc5 12. Nbd2 Rd8 13. Qe2 O-O 14. Nb3 Qf5 15. Bh4 Nd5 16. Bxe7 Ndxe7 17. Rad1 Rxd1 18. Rxd1 Rd8 19. Rxd8+ Nxd8 20. Qd1 Ndc6 21. h3 Qd5 22. Qxd5 Nxd5 23. Nbd4 Nxd4 24. Nxd4 Kf8 25. Kf1 Ke7 26. c4 Nf4 27. a3 g6 28. h4 e5 29. Nc2 Kd6 30. b4 b6 31. g3 Nd3 32. Ke2 Nb2 33. Ne3 f5 34. f4 e4 35. h5 Nd3 36. Kd2 Ke6 37. h6 Nf2 38. Kc3 Nh1 39. Nf1 Nf2 40. Ne3 Nh1 41. Nf1 1/2-1/2

[Event "Quebec op"]
[Site "Montreal CAN"]
[Date "2011.07.24"]
[Round "3"]
[White "Luksza, Arkadiusz"]
[Black "Seguin, Rene"]
[Result "1-0"]
[WhiteElo "2197"]
[BlackElo "1976"]
[PlyCount "87"]
[GameId "2160767909649343"]
[EventDate "2011.07.23"]
[EventType "swiss"]
[EventRounds "9"]
[EventCountry "CAN"]
[SourceTitle "EXT 2022"]
[Source "ChessBase"]
[SourceDate "2021.10.06"]
[SourceVersion "1"]
[SourceVersionDate "2021.10.06"]
[SourceQuality "1"]

1. d4 Nf6 2. c4 e6 3. Nc3 Bb4 4. e3 O-O 5. Nge2 c5 6. a3 Bxc3+ 7. Nxc3 cxd4 8. exd4 d5 9. cxd5 Nxd5 10. Be2 Nc6 11. O-O e5 12. dxe5 Nxc3 13. bxc3 Nxe5 14. Bf4 Qa5 15. Qb3 Ng6 16. Bg3 b6 17. Bd6 Be6 18. Qb4 Qxb4 19. axb4 Rfd8 20. Bc7 Rd2 21. Bf3 Rc8 22. Rxa7 b5 23. Bc6 Bc4 24. Re1 Nf8 25. Bf3 Ne6 26. Be5 f6 27. Bg3 g6 28. h3 Rc2 29. Re7 Ng5 30. Bg4 f5 31. Bd1 Rxc3 32. Be5 Rd3 33. Bc2 Rdd8 34. Bxf5 gxf5 35. Rg7+ Kf8 36. Rxg5 Bd3 37. Rg7 h5 38. Rh7 Kg8 39. Rxh5 Kf7 40. Rh7+ Kg6 41. Rg7+ Kh6 42. Rg3 Be4 43. f3 Bc2 44. Bf4+ 1-0

[Event "Quebec op"]
[Site "Montreal CAN"]
[Date "2011.07.24"]
[Round "3"]
[White "Plante, Michel"]
[Black "Acosta, Mariano"]
[Result "1-0"]
[WhiteElo "2066"]
[BlackElo "2170"]
[PlyCount "71"]
[GameId "2160767909649346"]
[EventDate "2011.07.23"]
[EventType "swiss"]
[EventRounds "9"]
[EventCountry "CAN"]
[SourceTitle "EXT 2022"]
[Source "ChessBase"]
[SourceDate "2021.10.06"]
[SourceVersion "1"]
[SourceVersionDate "2021.10.06"]
[SourceQuality "1"]

1. d4 d6 2. e4 Nf6 3. Nc3 c6 4. Bg5 Nbd7 5. Nf3 h6 6. Bh4 Qa5 7. Bd3 e5 8. O-O Be7 9. a3 Qc7 10. Ne2 Nf8 11. h3 g5 12. dxe5 dxe5 13. Bg3 Bd6 14. Nd2 Ng6 15. Nc4 h5 16. Qd2 h4 17. Bh2 g4 18. Qc3 gxh3 19. f4 Bc5+ 20. Kh1 hxg2+ 21. Kxg2 Ng4 22. f5 Nxh2 23. Kxh2 Bd4 24. Qd2 b5 25. fxg6 fxg6 26. Qg5 Bf5 27. exf5 Kd7 28. fxg6 e4+ 29. Kh1 Kc8 30. Rf7 Qxf7 31. gxf7 bxc4 32. Nxd4 cxd3 33. cxd3 Kb7 34. Qe7+ Ka6 35. Qxe4 Rac8 36. Rc1 1-0

[Event "Quebec op"]
[Site "Montreal CAN"]
[Date "2011.07.24"]
[Round "3"]
[White "Robichaud, Louis"]
[Black "Barre, Michel"]
[Result "1-0"]
[WhiteElo "2183"]
[BlackElo "1854"]
[PlyCount "57"]
[GameId "2160767909649347"]
[EventDate "2011.07.23"]
[EventType "swiss"]
[EventRounds "9"]
[EventCountry "CAN"]
[SourceTitle "EXT 2022"]
[Source "ChessBase"]
[SourceDate "2021.10.06"]
[SourceVersion "1"]
[SourceVersionDate "2021.10.06"]
[SourceQuality "1"]

1. e4 c5 2. Nc3 e6 3. g3 a6 4. Bg2 b5 5. Nf3 Bb7 6. d3 d6 7. O-O g6 8. Bg5 Qc7 9. d4 Bg7 10. dxc5 dxc5 11. Bf4 Qb6 12. Ne5 Nf6 13. a4 Nc6 14. axb5 axb5 15. Rxa8+ Bxa8 16. Nxc6 Qxc6 17. Nd5 exd5 18. exd5 Nxd5 19. Qe2+ Kf8 20. Rd1 Qe6 21. Qxb5 Nxf4 22. Qxc5+ Ke8 23. Bxa8 Nh3+ 24. Kg2 Nf4+ 25. Kh1 f5 26. gxf4 Qe2 27. Bc6+ Kf7 28. Rd7+ Kf6 29. Qd4+ 1-0

[Event "Quebec op"]
[Site "Montreal CAN"]
[Date "2011.07.24"]
[Round "3"]
[White "Rozentalis, Eduardas"]
[Black "Macak, Stefan"]
[Result "1-0"]
[WhiteElo "2571"]
[BlackElo "2391"]
[PlyCount "99"]
[GameId "2160767909649349"]
[EventDate "2011.07.23"]
[EventType "swiss"]
[EventRounds "9"]
[EventCountry "CAN"]
[SourceTitle "CBM 143 Extra"]
[Source "ChessBase"]
[SourceDate "2011.08.29"]
[SourceVersion "1"]
[SourceVersionDate "2011.08.29"]
[SourceQuality "1"]

1. e4 e6 2. d4 d5 3. Nc3 Bb4 4. exd5 exd5 5. Bd3 Nc6 6. a3 Ba5 7. Nge2 Nge7 8. O-O Bg4 9. f3 Bf5 10. Na4 Bb6 11. Nxb6 axb6 12. Bb5 O-O 13. c3 Qd7 14. Ng3 Bg6 15. Bf4 Nc8 16. Qd2 Nd6 17. Bxd6 Qxd6 18. f4 f6 19. f5 Bf7 20. Ne2 Rae8 21. Qf4 Qxf4 22. Nxf4 Re3 23. Bxc6 bxc6 24. Rfe1 Rfe8 25. Rxe3 Rxe3 26. a4 g5 27. fxg6 hxg6 28. Kf2 Re8 29. b4 g5 30. Ne2 Kf8 31. a5 Bh5 32. Ra2 Ke7 33. Ng3 Bg4 34. h3 Be6 35. Nh5 Rh8 36. g4 Bd7 37. a6 f5 38. a7 Ra8 39. h4 gxh4 40. g5 Be8 41. Nf4 Kd6 42. Kg2 c5 43. bxc5+ bxc5 44. Ra6+ c6 45. Kh3 cxd4 46. cxd4 Bf7 47. g6 Bg8 48. Kxh4 Kc7 49. Nd3 f4 50. Nc5 1-0

[Event "Quebec op"]
[Site "Montreal CAN"]
[Date "2011.07.24"]
[Round "3"]
[White "Sprumont, Oscar"]
[Black "Rondon, Luciano"]
[Result "1-0"]
[WhiteElo "1757"]
[BlackElo "1937"]
[PlyCount "67"]
[GameId "2160767909649351"]
[EventDate "2011.07.23"]
[EventType "swiss"]
[EventRounds "9"]
[EventCountry "CAN"]
[SourceTitle "EXT 2022"]
[Source "ChessBase"]
[SourceDate "2021.10.06"]
[SourceVersion "1"]
[SourceVersionDate "2021.10.06"]
[SourceQuality "1"]

1. e4 c5 2. Nc3 e6 3. g3 d6 4. Bg2 Nf6 5. d3 Nc6 6. f4 Be7 7. Nf3 a6 8. O-O Rb8 9. Be3 Qc7 10. h3 b5 11. g4 d5 12. g5 d4 13. gxf6 Bxf6 14. e5 Be7 15. Bxd4 cxd4 16. Ne4 h6 17. Qe1 Qb6 18. Qg3 Rg8 19. Rfe1 Nb4 20. Qf2 Nd5 21. Nxd4 Nxf4 22. Rf1 g5 23. Nb3 Qc7 24. d4 Bb7 25. Rae1 Bd5 26. Re3 Qb7 27. Kh2 Rc8 28. Nc1 Qc7 29. c3 f5 30. exf6 Bxe4 31. f7+ Kxf7 32. Bxe4 Kg7 33. Kh1 Rgd8 34. Qg1 1-0

[Event "Quebec op"]
[Site "Montreal CAN"]
[Date "2011.07.24"]
[Round "3"]
[White "Tremblay, Alain"]
[Black "Lemieux, Serge"]
[Result "1-0"]
[WhiteElo "2113"]
[BlackElo "1557"]
[PlyCount "35"]
[GameId "2160767909649353"]
[EventDate "2011.07.23"]
[EventType "swiss"]
[EventRounds "9"]
[EventCountry "CAN"]
[SourceTitle "EXT 2022"]
[Source "ChessBase"]
[SourceDate "2021.10.06"]
[SourceVersion "1"]
[SourceVersionDate "2021.10.06"]
[SourceQuality "1"]

1. Nf3 d5 2. b4 e6 3. Bb2 Nf6 4. b5 c5 5. e3 b6 6. d3 Nbd7 7. Nbd2 Bb7 8. c4 Qc7 9. Be2 Bd6 10. a4 O-O 11. a5 Rae8 12. Qc2 e5 13. cxd5 Bxd5 14. e4 Bb7 15. Nc4 Re7 16. axb6 axb6 17. Ra7 Ra8 18. Rxb7 1-0

[Event "Quebec op"]
[Site "Montreal CAN"]
[Date "2011.07.24"]
[Round "3"]
[White "Zhang, Zhiyuan"]
[Black "Luo, Zhao Yang"]
[Result "1-0"]
[WhiteElo "2046"]
[BlackElo "1908"]
[PlyCount "61"]
[GameId "2160767909649356"]
[EventDate "2011.07.23"]
[EventType "swiss"]
[EventRounds "9"]
[EventCountry "CAN"]
[SourceTitle "EXT 2022"]
[Source "ChessBase"]
[SourceDate "2021.10.06"]
[SourceVersion "1"]
[SourceVersionDate "2021.10.06"]
[SourceQuality "1"]

1. e4 c6 2. d4 d5 3. exd5 cxd5 4. Bd3 Nf6 5. c3 Nc6 6. Bf4 e6 7. Nf3 Bd6 8. Bxd6 Qxd6 9. O-O O-O 10. Re1 a6 11. Nbd2 b5 12. a3 Ne7 13. Ne5 Ng6 14. Qf3 Rb8 15. Qg3 Rd8 16. Bxg6 hxg6 17. Nc6 Qxc6 18. Qxb8 Rd6 19. a4 Nd7 20. axb5 axb5 21. Qa8 Qc7 22. Qa5 Qxa5 23. Rxa5 Rb6 24. Ra8 Rc6 25. Ra5 Rb6 26. Nb3 Kh7 27. Nc5 Nf6 28. Ra7 Kg8 29. Rea1 b4 30. Ra8 Rc6 31. cxb4 1-0

[Event "Quebec op"]
[Site "Montreal CAN"]
[Date "2011.07.24"]
[Round "3"]
[White "Zhu, Hong Rui"]
[Black "Bergeron, Carl"]
[Result "1-0"]
[WhiteElo "2002"]
[BlackElo "1462"]
[PlyCount "45"]
[GameId "2160767909649357"]
[EventDate "2011.07.23"]
[EventType "swiss"]
[EventRounds "9"]
[EventCountry "CAN"]
[SourceTitle "EXT 2022"]
[Source "ChessBase"]
[SourceDate "2021.10.06"]
[SourceVersion "1"]
[SourceVersionDate "2021.10.06"]
[SourceQuality "1"]

1. e4 e6 2. d4 d5 3. e5 c5 4. c3 Nc6 5. Nf3 cxd4 6. cxd4 Nge7 7. a3 Qb6 8. b4 Nf5 9. Bb2 Be7 10. Bd3 Nh4 11. Nxh4 Bxh4 12. O-O Be7 13. Qg4 O-O 14. Nd2 Nxb4 15. axb4 Qxb4 16. Qh3 h6 17. Ba3 Qxd2 18. Bxe7 Re8 19. Ba3 Bd7 20. Bc1 Qb4 21. Bxh6 gxh6 22. Qxh6 Qf8 23. Qh7# 1-0

[Event "Quebec op"]
[Site "Montreal CAN"]
[Date "2011.07.25"]
[Round "4"]
[White "Beladel, Brahim"]
[Black "Lebeau, Gilbert"]
[Result "1/2-1/2"]
[WhiteElo "1693"]
[BlackElo "2052"]
[PlyCount "212"]
[GameId "2160767909649359"]
[EventDate "2011.07.23"]
[EventType "swiss"]
[EventRounds "9"]
[EventCountry "CAN"]
[SourceTitle "EXT 2022"]
[Source "ChessBase"]
[SourceDate "2021.10.06"]
[SourceVersion "1"]
[SourceVersionDate "2021.10.06"]
[SourceQuality "1"]

1. e4 c5 2. Nf3 d6 3. Bb5+ Bd7 4. Bxd7+ Nxd7 5. O-O e6 6. c4 Ne7 7. Nc3 Nc6 8. d4 cxd4 9. Nxd4 Be7 10. Be3 O-O 11. Qd2 a6 12. f4 Qc7 13. b3 Rad8 14. Kh1 Nf6 15. Rad1 Rd7 16. f5 Nxd4 17. Bxd4 Rc8 18. fxe6 fxe6 19. Qe3 Qc6 20. Qh3 d5 21. exd5 exd5 22. Bxf6 Bxf6 23. Nxd5 Rcd8 24. Qg4 Kh8 25. Nxf6 Qxf6 26. h3 Rxd1 27. Rxd1 Re8 28. Qd7 Qg6 29. Rd6 Qe4 30. Rd1 h6 31. Qd4 Qe2 32. Rd2 Qe1+ 33. Kh2 Re3 34. Rd1 Qg3+ 35. Kh1 h5 36. Rf1 h4 37. Qf4 Re1 38. Qf8+ Kh7 39. Qf5+ Kh6 40. Kg1 Re2 41. Qf4+ Kg6 42. Qf5+ Kh6 43. Qd5 b6 44. b4 Qe3+ 45. Kh1 Re1 46. Qd6+ Kg5 47. Rxe1 Qxe1+ 48. Kh2 Qc3 49. Qe7+ Kh5 50. Qf7+ Kg5 51. Qd5+ Kg6 52. Qe4+ Kf7 53. Qxh4 Qxb4 54. Qf4+ Kg8 55. Qd4 b5 56. Qd8+ Kh7 57. Qd3+ g6 58. cxb5 axb5 59. a3 Qc4 60. Qe3 Qd5 61. g4 Qd6+ 62. Kg2 Qd5+ 63. Kf2 Qa2+ 64. Kg3 Qd5 65. Qe7+ Kg8 66. Kf4 Qd2+ 67. Ke5 Qc3+ 68. Ke6 Qe1+ 69. Kf6 Qh4+ 70. g5 Qd4+ 71. Kxg6 Qd3+ 72. Kf6 Qf3+ 73. Ke5 Qe3+ 74. Kf6 Qc3+ 75. Ke6 Qxh3+ 76. Kd5 Qd3+ 77. Kc6 Qf3+ 78. Kxb5 Qd3+ 79. Kc6 Qa6+ 80. Kd5 Qd3+ 81. Ke6 Qe3+ 82. Kf6 Qf3+ 83. Ke6 Qe3+ 84. Kd7 Qa7+ 85. Ke6 Qe3+ 86. Kf6 Qf3+ 87. Kg6 Qd3+ 88. Kh5 Qh3+ 89. Kg6 Qd3+ 90. Kf6 Qf3+ 91. Ke6 Qe3+ 92. Kd7 Qa7+ 93. Ke8 Qa4+ 94. Kd8 Qa8+ 95. Kd7 Qa7+ 96. Ke8 Qa4+ 97. Qd7 Qe4+ 98. Kd8 Qa8+ 99. Kc7 Qa5+ 100. Kb7 Qxa3 101. Qe6+ Kh8 102. Qf6+ Kg8 103. Qe6+ Kh8 104. g6 Qf3+ 105. Kc7 Kg7 106. Qd6 Qf6 1/2-1/2

[Event "Quebec op"]
[Site "Montreal CAN"]
[Date "2011.07.25"]
[Round "4"]
[White "Bergeron, Carl"]
[Black "Leitch, Darcy"]
[Result "1-0"]
[WhiteElo "1462"]
[BlackElo "1872"]
[PlyCount "60"]
[GameId "2160767909649360"]
[EventDate "2011.07.23"]
[EventType "swiss"]
[EventRounds "9"]
[EventCountry "CAN"]
[SourceTitle "EXT 2022"]
[Source "ChessBase"]
[SourceDate "2021.10.06"]
[SourceVersion "1"]
[SourceVersionDate "2021.10.06"]
[SourceQuality "1"]

1. e4 d6 2. d4 Nf6 3. Nc3 g6 4. f4 Bg7 5. Nf3 O-O 6. Bc4 c5 7. d5 b5 8. Be2 b4 9. e5 bxc3 10. exf6 Bxf6 11. b3 Nd7 12. O-O Bb7 13. h4 Nb6 14. f5 Bxd5 15. Bh6 Re8 16. fxg6 hxg6 17. Ng5 Bd4+ 18. Kh1 Bg7 19. Bxg7 Kxg7 20. Bf3 Be6 21. Nxe6+ fxe6 22. Bxa8 Qxa8 23. Qe1 e5 24. Qxc3 Qe4 25. Rf3 Qxh4+ 26. Rh3 Qg5 27. Qf3 Rf8 28. Qb7 Rf2 29. Rg1 c4 30. Qxa7 Nd5 1-0

[Event "Quebec op"]
[Site "Montreal CAN"]
[Date "2011.07.25"]
[Round "4"]
[White "Carrier, Claude"]
[Black "Tremblay, Alain"]
[Result "1/2-1/2"]
[WhiteElo "1985"]
[BlackElo "2113"]
[PlyCount "72"]
[GameId "2160767909649366"]
[EventDate "2011.07.23"]
[EventType "swiss"]
[EventRounds "9"]
[EventCountry "CAN"]
[SourceTitle "EXT 2022"]
[Source "ChessBase"]
[SourceDate "2021.10.06"]
[SourceVersion "1"]
[SourceVersionDate "2021.10.06"]
[SourceQuality "1"]

1. e4 d6 2. d4 Nf6 3. Nc3 Nbd7 4. f4 e5 5. Nf3 exd4 6. Nxd4 Nc5 7. Bd3 c6 8. O-O Be7 9. Kh1 O-O 10. f5 Nfd7 11. Nb3 Nxb3 12. axb3 Ne5 13. Be3 b6 14. Ba6 Bxa6 15. Rxa6 Qc8 16. Qa1 Qb7 17. Qa4 d5 18. Ra1 Qc7 19. exd5 Qd6 20. Rxa7 Rxa7 21. Qxa7 Ng4 22. Bg1 Bf6 23. Ne4 Qxd5 24. Nxf6+ Nxf6 25. Qxb6 h5 26. Qc5 Qe4 27. Ra6 Rc8 28. Ra4 Qe1 29. Qe3 Qd1 30. Qd3 Qc1 31. h3 Re8 32. Kh2 Re1 33. Ra8+ Kh7 34. Qd8 Re8 35. Qa5 Re1 36. Qd8 Re8 1/2-1/2

[Event "Quebec op"]
[Site "Montreal CAN"]
[Date "2011.07.25"]
[Round "4"]
[White "Cote-Lalumiere, Tristan"]
[Black "Gauthier, Denis"]
[Result "1-0"]
[WhiteElo "1928"]
[BlackElo "1996"]
[PlyCount "57"]
[GameId "2160767909649368"]
[EventDate "2011.07.23"]
[EventType "swiss"]
[EventRounds "9"]
[EventCountry "CAN"]
[SourceTitle "EXT 2022"]
[Source "ChessBase"]
[SourceDate "2021.10.06"]
[SourceVersion "1"]
[SourceVersionDate "2021.10.06"]
[SourceQuality "1"]

1. e4 c5 2. Nf3 Nc6 3. Nc3 e6 4. Be2 a6 5. O-O Qc7 6. d4 cxd4 7. Nxd4 Nf6 8. Be3 Bb4 9. f3 O-O 10. Kh1 Be7 11. f4 d6 12. Bf3 Bd7 13. g4 Nxd4 14. Bxd4 Bc6 15. h4 b5 16. g5 Nd7 17. a3 e5 18. fxe5 Nxe5 19. Bg2 f6 20. Bxe5 dxe5 21. g6 hxg6 22. h5 g5 23. Nd5 Bxd5 24. exd5 f5 25. d6 Qxd6 26. Qxd6 Bxd6 27. Bxa8 Rxa8 28. Rxf5 e4 29. Rxg5 1-0

[Event "Quebec op"]
[Site "Montreal CAN"]
[Date "2011.07.25"]
[Round "4"]
[White "Cvetkovic, Simeon"]
[Black "Bergeron, Rene"]
[Result "1-0"]
[WhiteElo "2067"]
[BlackElo "1587"]
[PlyCount "80"]
[GameId "2160767909649369"]
[EventDate "2011.07.23"]
[EventType "swiss"]
[EventRounds "9"]
[EventCountry "CAN"]
[SourceTitle "EXT 2022"]
[Source "ChessBase"]
[SourceDate "2021.10.06"]
[SourceVersion "1"]
[SourceVersionDate "2021.10.06"]
[SourceQuality "1"]

1. Nf3 Nc6 2. d4 d5 3. c4 e6 4. a3 a5 5. Nc3 Nge7 6. Bf4 Ng6 7. Bg3 Bd6 8. e4 dxe4 9. Nxe4 O-O 10. Nc3 b6 11. Be2 Bd7 12. O-O Bxg3 13. hxg3 Rb8 14. Qd2 Nce7 15. Rfd1 c6 16. c5 b5 17. Ne4 Qc7 18. Nd6 Rbd8 19. Ng5 Nc8 20. Nge4 a4 21. g4 f5 22. Nxc8 Bxc8 23. Nd6 f4 24. Bd3 Nh4 25. f3 Qe7 26. Re1 Qf6 27. Re5 Ng6 28. g5 Qe7 29. Bxg6 hxg6 30. Rae1 Kh7 31. Kf2 Rxd6 32. cxd6 Qxd6 33. R1e4 Rf5 34. Rxf5 gxf5 35. Re5 Kg6 36. Qxf4 b4 37. Rxf5 Qe7 38. Qe4 Kh5 39. g4+ Kh4 40. Re5 Qf7 1-0

[Event "Quebec op"]
[Site "Montreal CAN"]
[Date "2011.07.25"]
[Round "4"]
[White "Dumont, Felix"]
[Black "Luksza, Arkadiusz"]
[Result "1-0"]
[WhiteElo "2007"]
[BlackElo "2197"]
[PlyCount "89"]
[GameId "2160767909649371"]
[EventDate "2011.07.23"]
[EventType "swiss"]
[EventRounds "9"]
[EventCountry "CAN"]
[SourceTitle "EXT 2022"]
[Source "ChessBase"]
[SourceDate "2021.10.06"]
[SourceVersion "1"]
[SourceVersionDate "2021.10.06"]
[SourceQuality "1"]

1. e4 c6 2. d4 d5 3. f3 dxe4 4. fxe4 e5 5. Nf3 exd4 6. Bc4 Nf6 7. O-O Be7 8. Ng5 O-O 9. Nxf7 Rxf7 10. Bxf7+ Kxf7 11. e5 Kg8 12. exf6 Bxf6 13. Nd2 Be6 14. Ne4 Be7 15. Qh5 Nd7 16. Ng5 Bxg5 17. Bxg5 Qa5 18. Rae1 Qd5 19. Qf3 h6 20. Bh4 Qxf3 21. Rxf3 Bd5 22. Rf5 g6 23. Rf2 Bxa2 24. Re7 g5 25. Rxd7 gxh4 26. Rxb7 Bd5 27. Rf4 h3 28. gxh3 Re8 29. Rxd4 Re1+ 30. Kf2 Rh1 31. c4 Rxh2+ 32. Kg3 Rg2+ 33. Kh4 Bf7 34. Rd8+ Kg7 35. Rdd7 Rf2 36. Rxa7 c5 37. Kg3 Rf5 38. Kg4 Rf1 39. Rxf7+ Rxf7 40. Rxf7+ Kxf7 41. Kf5 Kg7 42. h4 Kf7 43. h5 Kg7 44. Ke6 Kf8 45. Kf6 1-0

[Event "Quebec op"]
[Site "Montreal CAN"]
[Date "2011.07.25"]
[Round "4"]
[White "Enkh-Amar, Galbadrakh"]
[Black "Zhu, Hong Rui"]
[Result "1-0"]
[WhiteElo "2179"]
[BlackElo "2002"]
[PlyCount "133"]
[GameId "2160767909649372"]
[EventDate "2011.07.23"]
[EventType "swiss"]
[EventRounds "9"]
[EventCountry "CAN"]
[SourceTitle "EXT 2022"]
[Source "ChessBase"]
[SourceDate "2021.10.06"]
[SourceVersion "1"]
[SourceVersionDate "2021.10.06"]
[SourceQuality "1"]

1. e4 c5 2. Nf3 d6 3. d4 cxd4 4. Nxd4 Nf6 5. Nc3 g6 6. Be2 Bg7 7. O-O O-O 8. Be3 Nc6 9. h3 Nxd4 10. Bxd4 Bd7 11. Qd3 Bc6 12. Rad1 b6 13. f4 Rc8 14. Bf3 Qc7 15. Rf2 Qb7 16. a4 Rfd8 17. b4 Qc7 18. Qe2 e6 19. Nb5 Bxb5 20. Qxb5 Qc4 21. Qxc4 Rxc4 22. c3 Ne8 23. e5 dxe5 24. fxe5 h5 25. Ra2 Bf8 26. Be2 Rc7 27. a5 Rb8 28. axb6 axb6 29. Ra6 b5 30. Ra5 Rcb7 31. Bf3 Rc7 32. Rda1 Rc4 33. Be2 Bxb4 34. Rxb5 Rxb5 35. Bxc4 Bxc3 36. Bxc3 Rc5 37. Ra4 Nc7 38. Bd4 Rc6 39. Kh2 Kg7 40. Be2 Rc2 41. Bf3 Nb5 42. Be3 Rc3 43. Bg5 Rc8 44. Rb4 Na3 45. Be4 Nc4 46. Bf6+ Kg8 47. Bb7 Rb8 48. Rxc4 Re8 49. Rc8 Kf8 50. Rxe8+ Kxe8 51. Bc6+ Kf8 52. Kg3 Kg8 53. Kf4 Kf8 54. Kg5 Kg8 55. Be8 Kf8 56. Bxf7 Kxf7 57. h4 Kf8 58. Kxg6 Kg8 59. Kxh5 Kh7 60. g4 Kg8 61. g5 Kh7 62. g6+ Kg8 63. Kg5 Kf8 64. h5 Kg8 65. h6 Kf8 66. h7 Ke8 67. h8=Q+ 1-0

[Event "Quebec op"]
[Site "Montreal CAN"]
[Date "2011.07.25"]
[Round "4"]
[White "Goldner, John"]
[Black "Auger, Bertrand"]
[Result "0-1"]
[WhiteElo "1683"]
[BlackElo "1961"]
[PlyCount "84"]
[GameId "2160767909649375"]
[EventDate "2011.07.23"]
[EventType "swiss"]
[EventRounds "9"]
[EventCountry "CAN"]
[SourceTitle "EXT 2022"]
[Source "ChessBase"]
[SourceDate "2021.10.06"]
[SourceVersion "1"]
[SourceVersionDate "2021.10.06"]
[SourceQuality "1"]

1. e4 e6 2. d4 d5 3. Nc3 Bb4 4. e5 Ne7 5. a3 Bxc3+ 6. bxc3 c5 7. Qg4 Qc7 8. Qxg7 Rg8 9. Qxh7 cxd4 10. Ne2 Nbc6 11. f4 Bd7 12. Qd3 dxc3 13. g3 d4 14. Bg2 Nf5 15. O-O O-O-O 16. Rb1 Na5 17. Rb4 Bc6 18. Bxc6 Nxc6 19. Rc4 Kb8 20. Rc5 Qb6 21. Rb5 Qc7 22. h3 a6 23. Rb1 Ka8 24. g4 Na5 25. Kf2 Ne3 26. Bxe3 dxe3+ 27. Qxe3 Nc4 28. Qxc3 Qc5+ 29. Kg3 Rd2 30. Qf3 Rd5 31. Nc3 Nd2 32. Qf2 Qxc3+ 33. Kg2 Nxf1 34. Kxf1 Qxh3+ 35. Ke2 Qxg4+ 36. Ke3 Qg3+ 37. Qxg3 Rxg3+ 38. Kf2 Rc3 39. a4 Rd2+ 40. Ke1 Rcxc2 41. Rb6 Rh2 42. Kd1 Rcg2 0-1

[Event "Quebec op"]
[Site "Montreal CAN"]
[Date "2011.07.25"]
[Round "4"]
[White "He, Shao Hang"]
[Black "Robichaud, Louis"]
[Result "1/2-1/2"]
[WhiteElo "1546"]
[BlackElo "2183"]
[PlyCount "125"]
[GameId "2160767909649376"]
[EventDate "2011.07.23"]
[EventType "swiss"]
[EventRounds "9"]
[EventCountry "CAN"]
[SourceTitle "EXT 2022"]
[Source "ChessBase"]
[SourceDate "2021.10.06"]
[SourceVersion "1"]
[SourceVersionDate "2021.10.06"]
[SourceQuality "1"]

1. d4 Nf6 2. c4 g6 3. Nc3 Bg7 4. e4 d6 5. f4 O-O 6. Nf3 c5 7. d5 e6 8. Bd3 exd5 9. cxd5 Re8 10. O-O Nbd7 11. Re1 a6 12. h3 Qc7 13. Bd2 c4 14. Bc2 b5 15. Rc1 Bb7 16. a3 Nc5 17. Re2 Rac8 18. Be1 Nh5 19. g3 Qd7 20. Kg2 a5 21. Rb1 b4 22. axb4 axb4 23. Ba4 Nxa4 24. Qxa4 Qxa4 25. Nxa4 Ra8 26. Nb6 Ra6 27. Bf2 f5 28. e5 dxe5 29. fxe5 Rxb6 30. Bxb6 Bxd5 31. Rbe1 f4 32. Bf2 fxg3 33. Bxg3 Bh6 34. Rf2 Bf4 35. Bh2 Bxh2 36. Kxh2 Nf4 37. Re3 Nd3 38. Rfe2 b3 39. Nd4 Nf4 40. Rf2 Nd3 41. Rfe2 Kf7 42. Kg3 Ke7 43. Nb5 Rc8 44. Nc3 Be6 45. Rf3 Rc5 46. Rfe3 h5 47. h4 Bg4 48. Rd2 Rxe5 49. Rxe5+ Nxe5 50. Nd5+ Ke6 51. Ne3 Bf5 52. Nxf5 Kxf5 53. Rd4 g5 54. hxg5 Kxg5 55. Rd5 h4+ 56. Kh3 Kf4 57. Rd4+ Ke3 58. Rxh4 Kd3 59. Kg3 Kc2 60. Rh2+ Kc1 61. Kf4 Nd3+ 62. Ke3 Nxb2 63. Kd4 1/2-1/2

[Event "Quebec op"]
[Site "Montreal CAN"]
[Date "2011.07.25"]
[Round "4"]
[White "Laurain, Guy1"]
[Black "Gagnon, Serge"]
[Result "0-1"]
[WhiteElo "2091"]
[BlackElo "1972"]
[PlyCount "54"]
[GameId "2160767909649379"]
[EventDate "2011.07.23"]
[EventType "swiss"]
[EventRounds "9"]
[EventCountry "CAN"]
[SourceTitle "EXT 2022"]
[Source "ChessBase"]
[SourceDate "2021.10.06"]
[SourceVersion "1"]
[SourceVersionDate "2021.10.06"]
[SourceQuality "1"]

1. e4 d6 2. d4 Nf6 3. Nc3 g6 4. Nf3 Bg7 5. Be2 O-O 6. O-O c6 7. a4 Qc7 8. h3 e5 9. Bg5 Nbd7 10. dxe5 dxe5 11. Bc4 Nc5 12. Qe2 Ne6 13. Be3 Nh5 14. Bxe6 Bxe6 15. Ng5 Nf4 16. Bxf4 exf4 17. Nxe6 fxe6 18. Qc4 Qe5 19. Rfd1 f3 20. g3 Rf7 21. Rd3 h5 22. Rad1 h4 23. Rd8+ Rxd8 24. Rxd8+ Kh7 25. g4 Qf4 26. Qxe6 Be5 27. Kf1 Bxc3 0-1

[Event "Quebec op"]
[Site "Montreal CAN"]
[Date "2011.07.25"]
[Round "4"]
[White "Le Duin, Thierry"]
[Black "Gelet, Seymour"]
[Result "0-1"]
[WhiteElo "1877"]
[BlackElo "2020"]
[PlyCount "104"]
[GameId "2160767909649380"]
[EventDate "2011.07.23"]
[EventType "swiss"]
[EventRounds "9"]
[EventCountry "CAN"]
[SourceTitle "EXT 2022"]
[Source "ChessBase"]
[SourceDate "2021.10.06"]
[SourceVersion "1"]
[SourceVersionDate "2021.10.06"]
[SourceQuality "1"]

1. d4 d5 2. Nf3 Nf6 3. c3 Bf5 4. Nh4 Bxb1 5. Rxb1 e6 6. Nf3 Bd6 7. Bg5 Nbd7 8. e3 c6 9. Bd3 Qc7 10. b4 a6 11. c4 dxc4 12. Bxc4 Nd5 13. Bxd5 cxd5 14. O-O b5 15. h3 Nb6 16. Ne1 h6 17. Bh4 g5 18. Bg3 Bxg3 19. fxg3 Qxg3 20. Rf3 Qd6 21. Nd3 Nc4 22. a4 h5 23. Nf2 f5 24. Qd3 Ke7 25. a5 Rag8 26. Qe2 Rh6 27. Rb3 g4 28. Rf4 gxh3 29. Nxh3 Rhg6 30. Rf2 Rg4 31. Nf4 h4 32. Kh1 Kd7 33. Rf3 Qe7 34. Qc2 Qg5 35. Qe2 Ke7 36. Rb1 Rh8 37. Rb3 Rg3 38. Rd3 Qg4 39. Nh3 Rg8 40. Nf4 Rxf3 41. Qxf3 Qxf3 42. gxf3 Rg3 43. e4 fxe4 44. fxe4 Rxd3 45. Nxd3 dxe4 46. Nc5 e3 47. Kg2 Kd6 48. Kh3 Nb2 49. Ne4+ Kd5 50. Nc3+ Kxd4 51. Nxb5+ axb5 52. a6 e2 0-1